Vražedné ego /

Uloženo v:
Série:Nymburské mordy, část 3
Hlavní autor: Novotná, Martina, 1983- (Autor)
Médium: Kniha
Jazyk:Czech
Vydáno: Brno : MOBA, 2026
Vydání:Vydání první
Edice:Původní česká detektivka
Témata:
Celkem bylo vypůjčeno:0x
Příbuzné jednotky:Z cyklu:: Nymburské mordy
Tagy:
Žádné tagy
LEADER 01357nam a2200397 i 4500
001 106226
003 CZ PrNK
005 20260428161417.0
007 ta
008 260420s2026 xr g 000 f cze
015 |a cnb003737801 
020 |a 9788027924622  |q (vázáno) 
040 |a ABG001  |b cze  |e rda 
072 7 |a 821.162.3-3  |x Česká próza  |2 Konspekt  |9 25 
080 |a 821.162.3-31  |2 MRF 
080 |a (0:82-312.4)  |2 MRF 
100 1 |a Novotná, Martina,  |d 1983-  |7 xx0257330  |4 aut  |9 112011 
245 1 0 |a Vražedné ego /  |c Martina Novotná 
250 |a Vydání první 
264 1 |a Brno :  |b MOBA,  |c 2026 
300 |a 267 stran ;  |c 19 cm 
336 |a text  |b txt  |2 rdacontent 
337 |a bez média  |b n  |2 rdamedia 
338 |a svazek  |b nc  |2 rdacarrier 
490 1 |a Původní česká detektivka ;  |v 437. svazek 
655 7 |a české romány  |7 fd133974  |2 czenas  |9 54031 
655 7 |a detektivní romány  |7 fd132010  |2 czenas  |9 53536 
655 9 |a Czech fiction  |2 eczenas 
655 9 |a detective novels  |2 eczenas 
710 2 |a Nakladatelství MOBA  |7 ko2011627903  |4 pbl  |9 117207 
787 0 8 |i Z cyklu:  |t Nymburské mordy  |g 3 
830 0 |a Původní česká detektivka 
910 |a UOG502 
942 |2 ddc  |c KN 
999 |d 106226 
993 |0 0  |1 421180106952  |2 ddc  |4 0  |7 0  |9 99569  |b 0  |c 106952  |d 2026-04-28  |e 0  |f DOSP  |h 329.00  |i Koupě  |l DOSP  |r 2026-04-28  |t 6  |w 2026-04-28  |y KN  |z KRIMI  |n